zpět

Detail výsledku týmu

Žlíbka Pub, Jevíčko

Datum a čas kvízu

36 Celkem bodů Celkový počet nahraných bodů na tomto kvízu bez doplňovacích otázek.
2. Pořadí na kvízu Konečné umístění týmu na tomto kvízu.

Zaznamenané odpovědi

# Otázka Odpověď Body Výsledky
1. Ministr školství Robert Plaga... 26. června 1
2. Minulý týden jsme se dozvěděli... A 1
3. Která zpěvačka o víkendu prozr... Lucie Bílá 1
4. Vláda kterého evropského státu... Polska 0
5. „Všichni už jsou v Mexiku, Bue... 3:1 0
6. Vítězné téma facebookového hla... 1C 2A 3B 4D 0
7. Ve Formuli 1 můžeme občas zazn... A 1
8. Velká cena Monaka 1996 drží je... 3 piloti (uznáváme 2 až 4) 0
9. Tato stáj působila ve Formuli... Brawn GP 0
10. Ve kterém státě se nachází záv... v Japonsku 1